| 000 | 00502nam a2200157 a 4500 | ||
|---|---|---|---|
| 001 | 000046480 | ||
| 005 | 20201002052912.0 | ||
| 008 | 150819s1992 dr a 000 spa d | ||
| 040 |
_aDO-SdBNP _bspa _cBNPHU |
||
| 245 | 0 |
_aAlegria 01 : _baprestamiento básico / _cErnestina Grullón Cruz... [ et. al]. |
|
| 260 |
_aSanto Domingo : _bDisesa, _c1992. |
||
| 300 |
_a182 p. : _bil ; _c28 cm. |
||
| 590 | _aInventariado,2018/DG | ||
| 700 |
_aRosó, Dulce, _974474 |
||
| 700 |
_aRodríguez, Argentina B., de _974475 |
||
| 999 |
_c45969 _d45969 |
||